[Event "Washington Open Championship"]
[Site "Lynnwood, WA"]
[Date "2015.05.24"]
[Round "4"]
[White "Kelley Dereque  (WA)"]
[Black "Sinanan Joshua  (WA)"]
[Result "0-1"]
[WhiteElo "2208"]
[BlackElo "2271"]
[Annotator ""]
[Source ""]
[Remark "Open"]

1.d4 Nf6 2.c4 e6 3.Nf3 d5 4.Nc3 Bb4 5.cxd5 exd5 6.Bg5 h6 7.Bxf6
Qxf6 8.Qa4+ Nc6 9.e3 Bxc3+ 10.bxc3 O-O 11.Qb3 Rd8 12.Bb5 a6 13.Bxc6
Qxc6 14.Ne5 Qb5 15.Rb1 Qxb3 16.Rxb3 f6 17.Ng6 Kf7 18.Nf4 b6 19.f3
a5 20.Rb2 g5 21.Ne2 Ba6 22.Ng3 Bd3 23.h4 Rg8 24.hxg5 Rxg5 25.Nh5
Bc4 26.Nf4 Rh8 27.g4 f5 28.gxf5 Rxf5 29.a3 Rf6 30.Rh5 Rg8 31.Kf2
Rg5 32.Rb1 Rxh5 33.Nxh5 Rc6 34.Nf4 Rf6 35.Kg3 b5 36.e4 dxe4 37.fxe4
c6 38.Rh1 c5 39.e5 Rb6 40.d5 b4 41.e6+ Kg7 42.e7 Kf7 43.Re1 Ke8
44.Nh5 Rg6+ 45.Kf4 Bxd5 46.cxb4 cxb4 47.Re5 Be6 48.Rxa5 Kxe7
49.axb4 Rg4+ 50.Kf3 Rxb4 51.Ra7+ Kd6 52.Nf4 Bd7 53.Kg3 Rb3+ 54.Kg2
Bc6+ 55.Kf2 0-1

[Event "Washington Open Championship"]
[Site "Lynnwood, WA"]
[Date "2015.05.25"]
[Round "5"]
[White "Smith Catherine M  (WA)"]
[Black "Hendricks David  (WA)"]
[Result "1/2-1/2"]
[WhiteElo "1531"]
[BlackElo "1672"]
[Annotator ""]
[Source ""]
[Remark "Reserve"]

1.e4 c5 2.Nf3 Nc6 3.Nc3 e6 4.d3 d5 5.exd5 exd5 6.Be2 Be7 7.O-O
Nf6 8.h3 O-O 9.Nh2 Bf5 10.Bg4 Nxg4 11.Nxg4 h5 12.Ne3 Be6 13.Ne2
b5 14.Re1 d4 15.Nf1 Bd6 16.Nf4 Bxf4 17.Bxf4 g5 18.Qxh5 gxf4 19.Rxe6
fxe6 20.Qg6+ 1/2-1/2

[Event "Washington Open Championship"]
[Site "Lynnwood, WA"]
[Date "2015.05.25"]
[Round "5"]
[White "Cozianu Costin  (WA)"]
[Black "Feng Roland  (WA)"]
[Result "1/2-1/2"]
[WhiteElo "2455"]
[BlackElo "2345"]
[Annotator ""]
[Source ""]
[Remark "Open"]

1.e4 e6 2.d4 d5 3.Nc3 Nf6 4.e5 Nfd7 5.f4 c5 6.Nf3 Nc6 7.Be3 a6
8.Qd2 b5 9.dxc5 Bxc5 10.Bd3 Qb6 11.Bf2 O-O 12.O-O f6 13.exf6
Nxf6 14.Bxc5 Qxc5+ 15.Kh1 Bd7 16.Ne2 Rae8 17.Ned4 Nxd4 18.Nxd4
e5 19.fxe5 Rxe5 20.Rae1 Rxe1 21.Rxe1 Ng4 1/2-1/2

[Event "Washington Open Championship"]
[Site "Lynnwood, WA"]
[Date "2015.05.25"]
[Round "5"]
[White "Saputra Yogi  (OR)"]
[Black "Hosford Michael  (WA)"]
[Result "1-0"]
[WhiteElo "2106"]
[BlackElo "1932"]
[Annotator ""]
[Source ""]
[Remark "Open"]

1.d4 Nf6 2.c4 Nc6 3.Nf3 e6 4.e3 Bb4+ 5.Bd2 Bxd2+ 6.Nbxd2 d6 7.g3
O-O 8.Bg2 Qe7 9.O-O e5 10.d5 Nb8 11.Qc2 a5 12.Nh4 g6 13.f4 exf4
14.exf4 Qe3+ 15.Kh1 Ng4 16.Ne4 f5 17.Ng5 Qc5 18.Rae1 Ne3 19.Qc3 1-0

[Event "Washington Open Championship"]
[Site "Lynnwood, WA"]
[Date "2015.05.25"]
[Round "5"]
[White "Chin Eugene  (WA)"]
[Black "Grassy Brock  (WA)"]
[Result "0-1"]
[WhiteElo "1513"]
[BlackElo "1464"]
[Annotator ""]
[Source ""]
[Remark "Reserve"]

1.e4 c5 2.Nf3 d6 3.d4 cxd4 4.Nxd4 Nf6 5.Nc3 a6 6.f3 e5 7.Nb3
Be6 8.Be3 Be7 9.Nd5 Nxd5 10.exd5 Bf5 11.Bd3 Bxd3 12.Qxd3 Nd7
13.O-O O-O 14.f4 b5 15.Rae1 Bf6 16.c3 Re8 17.Nd2 Rc8 18.Ne4 Qe7
19.fxe5 Nxe5 20.Qd1 Ng4 21.Nxf6+ Nxf6 22.Bg5 Qa7+ 23.Kh1 Ne4
24.Bf4 Nf2+ 25.Rxf2 Qxf2 26.Rxe8+ Rxe8 27.Bg3 Qxb2 28.Bxd6 Qe2
29.Qg1 Qd2 30.Bg3 Qxd5 0-1

[Event "Washington Open Championship"]
[Site "Lynnwood, WA"]
[Date "2015.05.25"]
[Round "5"]
[White "Jiang Andrew  (WA)"]
[Black "Munkh-Erdene Munkhbileg  (WA)"]
[Result "0-1"]
[WhiteElo "707"]
[BlackElo "1312"]
[Annotator ""]
[Source ""]
[Remark "Booster"]

1.e4 e5 2.Nf3 Nc6 3.d4 exd4 4.Bc4 Bb4+ 5.c3 dxc3 6.bxc3 Qf6 7.Bb2
Nge7 8.Qb3 Bc5 9.O-O d6 10.Re1 g5 11.e5 Nxe5 12.Nbd2 Bh3 13.Qxb7
O-O 14.Be2 Rab8 15.Ne4 Qf5 16.Ng3 Qf4 17.Nh5 Qf5 18.Ng3 Bxf2+
19.Kxf2 Nd3+ 20.Kg1 Qc5+ 21.Kh1 Rxb7 22.Ne4 Nf2+ 23.Kg1 Nxe4+
24.Kh1 Nf2+ 25.Kg1 Ng4+ 26.Kh1 Qf2 27.gxh3 Rxb2 28.hxg4 Rxe2
29.Rf1 Qc5 {This move is a guess, as it is missing from the score sheet.  Obviously,  Qg2++ would have been best.}
30.c4 f5 31.gxf5 Rxf5 0-1

[Event "Washington Open Championship"]
[Site "Lynnwood, WA"]
[Date "2015.05.25"]
[Round "5"]
[White "Hitchcock Brandon  (WA)"]
[Black "Shubin Daniel  (WA)"]
[Result "0-1"]
[WhiteElo "976"]
[BlackElo "1163"]
[Annotator ""]
[Source ""]
[Remark "Booster"]

1.d4 d5 2.c4 e6 3.Nf3 Nf6 4.e3 b6 5.Nc3 c6 6.a3 Ba6 7.Qa4 dxc4
8.Bxc4 b5 9.Nxb5 cxb5 10.Bxb5+ Bxb5 11.Qxb5+ Qd7 12.Qc4 Bd6 13.O-O
O-O 14.Bd2 Rc8 15.Qd3 Qb7 16.b4 Ne4 17.Rfc1 Nd7 18.Rxc8+ Rxc8
19.Rc1 Rxc1+ 20.Bxc1 Qc7 21.Bb2 Ndf6 22.Ne5 h6 23.Kf1 Ng5 24.Kg1
Bxe5 25.dxe5 Qd7 26.Qxd7 Nxd7 27.Bd4 a6 28.a4 Kf8 29.b5 axb5
30.axb5 Ke8 31.Kf1 Ne4 32.Ke2 Kd8 33.h4 Kc7 0-1

[Event "Washington Open Championship"]
[Site "Lynnwood, WA"]
[Date "2015.05.25"]
[Round "5"]
[White "Bulakh Nikolay  (WA)"]
[Black "Miller Travis  (AK)"]
[Result "1-0"]
[WhiteElo "1950"]
[BlackElo "1566"]
[Annotator ""]
[Source ""]
[Remark "Open"]

1.e4 e6 2.d4 d5 3.Nc3 Bb4 4.Nge2 dxe4 5.a3 Be7 6.Nxe4 Nf6 7.N2c3
O-O 8.Bf4 Nxe4 9.Nxe4 Nd7 10.Qd3 f5 11.Nd2 c5 12.Qb3 Nb6 13.dxc5
Bxc5 14.O-O-O Qe7 15.Nf3 h6 16.Ne5 Kh7 17.Qg3 Qe8 18.Bb5 Qxb5
19.Qg6+ Kg8 20.Bxh6 Be3+ 21.Bxe3 Qxe5 22.Rhe1 Qf6 23.Qh5 Qf7
24.Qh4 Bd7 25.Bd2 Bc6 26.f4 Rac8 27.Re3 Qh5 28.Qf2 Rf7 29.Rh3
Qg4 30.Rd3 Rfc7 31.c3 Nd5 32.Rg3 Qxf4 1-0

[Event "Washington Open Championship"]
[Site "Lynnwood, WA"]
[Date "2015.05.25"]
[Round "5"]
[White "Colasurdo James  (WA)"]
[Black "Deshpande Aaryan  (WA)"]
[Result "1-0"]
[WhiteElo "2047"]
[BlackElo "1789"]
[Annotator ""]
[Source ""]
[Remark "Open"]

1.d4 Nf6 2.c4 g6 3.Nc3 Bg7 4.e4 O-O 5.f3 d6 6.Be3 c6 7.Qd2 Nbd7
8.Nge2 Ne8 9.g4 Nc7 10.h4 e5 11.O-O-O b5 12.d5 b4 13.Nb1 c5 14.Ng3
Nb6 15.Bd3 a5 16.h5 Qd7 17.Qh2 Bh8 18.Rdg1 Bf6 19.hxg6 fxg6 20.Nf5
gxf5 21.gxf5+ Kh8 22.Qh6 Ba6 23.Rg6 Qe7 24.Bxc5 Bg5+ 25.Rxg5
dxc5 26.d6 Qd7 27.dxc7 Qxc7 28.Rhg1 Rf7 29.Rg6 Rd8 30.Rxb6 Rxd3
31.Rxa6 Rd8 32.Rag6 Qd7 33.f6 Qd4 34.Rg7 Qxc4+ 35.Nc3 1-0

[Event "Washington Open Championship"]
[Site "Lynnwood, WA"]
[Date "2015.05.25"]
[Round "5"]
[White "Archer Shawn  (WA)"]
[Black "Thirunavukkarasu Thiruchelvam  (WA)"]
[Result "1-0"]
[WhiteElo "1368"]
[BlackElo "636"]
[Annotator ""]
[Source ""]
[Remark "Booster"]

1.e4 e6 2.Nf3 d5 3.exd5 exd5 4.d4 c5 5.Bb5+ Bd7 6.Qe2+ Qe7 7.O-O
Qxe2 8.Bxe2 Nf6 9.Re1 Bd6 10.Bg5 Ne4 11.Bd3 f5 12.dxc5 Bxc5 13.Be3
Bb6 14.Bxb6 axb6 15.Nc3 O-O 16.Nxd5 Nc6 17.Nxb6 Rad8 18.Bxe4
fxe4 19.Rxe4 Bf5 20.Re2 Nd4 21.Nxd4 Rxd4 22.c3 Rg4 23.Rae1 Bg6
24.Re7 Rgf4 25.Nd7 Ra8 26.Ne5 Rfa4 27.Nxg6 hxg6 28.a3 Kh7 29.f3
g5 30.g4 Rf4 31.Kg2 Rd8 32.Kg3 Rdf8 33.R1e3 Rd8 34.h4 gxh4+ 35.Kxf4 1-0

[Event "Washington Open Championship"]
[Site "Lynnwood, WA"]
[Date "2015.05.25"]
[Round "5"]
[White "Michaels Trey  (WA)"]
[Black "Baxter Brent  (WA)"]
[Result "1-0"]
[WhiteElo "1786"]
[BlackElo "1935"]
[Annotator ""]
[Source ""]
[Remark "Premier"]

1.Nf3 Nf6 2.g3 b5 3.Bg2 Bb7 4.d3 e6 5.O-O Be7 6.Nbd2 O-O 7.e4
d6 8.c3 c5 9.Qe2 Nbd7 10.Ne1 Qc7 11.f4 Rae8 12.g4 Kh8 13.Nc2
Ng8 14.Ne3 g6 15.g5 f5 16.b3 h5 17.Bb2 e5 18.exf5 exf4 19.fxg6
Bxg5 20.Qxh5+ Bh6 21.c4+ Re5 22.Nf5 Ndf6 23.Bxe5 dxe5 24.g7+
Qxg7 25.Nxg7 Nxh5 26.Nxh5 Bxg2 27.Kxg2 Kh7 28.Ne4 Kg6 29.Nhg3
fxg3 30.Rxf8 Bxf8 31.cxb5 gxh2 32.Kxh2 Nh6 33.Rg1+ Kh5 34.Rc1
Ng4+ 35.Kg3 1-0

[Event "Washington Open Championship"]
[Site "Lynnwood, WA"]
[Date "2015.05.25"]
[Round "5"]
[White "Bragg David  (WA)"]
[Black "Olin Neo  (WA)"]
[Result "1-0"]
[WhiteElo "2210"]
[BlackElo "2034"]
[Annotator ""]
[Source ""]
[Remark "Open"]

1.e4 e6 2.d4 d5 3.exd5 exd5 4.Bd3 Be7 5.c3 Nf6 6.Qf3 Bg4 7.Qg3
Bd6 8.Bf4 Nh5 9.Qe3+ Kf8 10.Bxd6+ Qxd6 11.Ne2 Nd7 12.f3 Re8 13.Qd2
Be6 14.g4 Nhf6 15.Na3 a6 16.O-O-O b5 17.h3 Nb6 18.f4 Nc4 19.Nxc4
dxc4 20.Bc2 Bd5 21.Rh2 a5 22.Ng3 b4 23.Rf2 b3 24.Bb1 bxa2 25.Bxa2
a4 26.Re1 Rb8 27.Qe3 Re8 28.Qd2 Rb8 29.g5 Nd7 30.Nf5 Qa6 31.Qe2
Be6 32.Ne3 a3 33.b4 Nb6 34.f5 Bd7 35.Nxc4 Re8 36.Ne5 Bb5 37.Qh5 1-0

[Event "Washington Open Championship"]
[Site "Lynnwood, WA"]
[Date "2015.05.25"]
[Round "5"]
[White "Pupols Viktors  (WA)"]
[Black "Nagase Toshihiro  (WA)"]
[Result "1-0"]
[WhiteElo "2207"]
[BlackElo "2004"]
[Annotator ""]
[Source ""]
[Remark "Open"]

1.d4 d5 2.Nf3 Nf6 3.e3 Bg4 4.c4 e6 5.Qb3 Qc8 6.Ne5 Bf5 7.Nc3
c6 8.f3 Bd6 9.g4 Bg6 10.h4 h6 11.Nxg6 Bg3+ 12.Kd1 fxg6 13.Qc2
c5 14.Qxg6+ Kf8 15.cxd5 exd5 16.Ne2 Bd6 17.Bd2 Qd7 18.dxc5 Bxc5
19.Rc1 Bb6 20.Nd4 Nc6 21.Nxc6 bxc6 22.Bd3 c5 23.Kc2 Rb8 24.Kb1
Qb7 25.Rc2 a5 26.Bc3 d4 27.exd4 cxd4 28.Bd2 Bc5 29.Re1 Bb4 30.g5
hxg5 31.hxg5 Ne8 32.Qf5+ Qf7 33.Bxb4+ axb4 34.Qc5+ Kg8 35.Bc4
b3 36.Bxf7+ Kxf7 37.axb3 1-0

[Event "Washington Open Championship"]
[Site "Lynnwood, WA"]
[Date "2015.05.25"]
[Round "5"]
[White "Mitchell Mika  (WA)"]
[Black "Doknjas Neil  (CAN)"]
[Result "1/2-1/2"]
[WhiteElo "1807"]
[BlackElo "1823"]
[Annotator ""]
[Source ""]
[Remark "Premier"]

{%00þ   } 1.e4 e5 2.Bc4 Nf6 3.d3 c6 4.Nf3 d5 5.Bb3 Bd6 6.Nc3
d4 7.Ne2 O-O 8.O-O c5 9.Ng3 Nc6 10.a4 a5 11.Bg5 h6 12.Bd2 Bg4
13.h3 Bd7 14.Qe2 Ne7 15.Nh4 Nc6 16.Nhf5 Bxf5 17.Nxf5 Kh7 18.Qf3
Ne8 19.Qg3 Qf6 20.Qg4 Qg6 21.Qh4 Bc7 22.g4 Nd6 23.Kh2 Bd8 24.Qg3
Nxf5 25.gxf5 Qxg3+ 26.fxg3 f6 27.g4 Ne7 28.Be6 g5 29.fxg6+ Nxg6
30.Bf5 Kg7 31.Bxg6 Kxg6 32.Rf5 Rh8 33.b3 Be7 34.Raf1 b6 35.Kg3
Rag8 36.Rh5 Rg7 37.Rf3 Kf7 1/2-1/2

[Event "Washington Open Championship"]
[Site "Lynnwood, WA"]
[Date "2015.05.25"]
[Round "5"]
[White "Wilson Zuberi  (WA)"]
[Black "Cohen Jed  (WA)"]
[Result "1-0"]
[WhiteElo "1489"]
[BlackElo "1391"]
[Annotator ""]
[Source ""]
[Remark "Reserve"]

1.e4 e5 2.Nf3 Nc6 3.c3 Nf6 4.d4 exd4 5.e5 Nd5 6.cxd4 d6 7.Bb5
Bd7 8.Bxc6 Bxc6 9.O-O Be7 10.Nc3 O-O 11.Re1 Nxc3 12.bxc3 Bxf3
13.Qxf3 dxe5 14.Rxe5 Bd6 15.Rh5 b6 16.Qh3 h6 17.Bxh6 gxh6 18.Rxh6
f5 19.Rg6+ Kf7 20.Qxf5+ Ke8 21.Re1+ Be7 22.Rf6 Rxf6 23.Qxf6 Kd7
24.Qe6+ Ke8 25.h4 Kf8 26.Qh6+ Kf7 27.h5 Qh8 28.Qe6+ Kg7 29.h6+
Qxh6 30.Qxh6+ Kxh6 31.Rxe7 Rc8 32.g4 Kg6 33.f4 Kf6 34.Re5 Rg8
35.g5+ Kf7 36.Kg2 Kg6 37.Kf3 Rf8 38.Re6+ Kf5 39.Rc6 Rf7 40.a4
a5 41.c4 Rd7 42.Rf6# 1-0

[Event "Washington Open Championship"]
[Site "Lynnwood, WA"]
[Date "2015.05.25"]
[Round "5"]
[White "Daniels Nolan  (WA)"]
[Black "Zhang Kyle  (WA)"]
[Result "1/2-1/2"]
[WhiteElo "1037"]
[BlackElo "1209"]
[Annotator ""]
[Source ""]
[Remark "Booster"]

1.e4 e5 2.Nf3 Nc6 3.Nc3 Nf6 4.Bb5 Bc5 5.O-O d6 6.d3 h6 7.Be3
Bb6 8.Bxb6 axb6 9.d4 exd4 10.Nxd4 Bd7 11.Bxc6 Bxc6 12.Nxc6 bxc6
13.Re1 O-O 14.e5 dxe5 15.Rxe5 Re8 16.Rxe8+ Qxe8 17.h3 Rd8 18.Qe1
Kf8 19.Qxe8+ Kxe8 20.Rd1 Rxd1+ 21.Nxd1 Kd7 22.f3 Nd5 23.c3 Ke6
24.Kf2 Ke5 25.Ne3 Nxe3 26.Kxe3 g5 27.g3 c5 28.b4 cxb4 29.cxb4
f5 30.f4+ gxf4+ 31.gxf4+ Kd5 32.Kd3 b5 33.h4 c6 34.a3 c5 35.bxc5
Kxc5 36.Kc3 Kd5 37.Kb4 Kc6 38.Kc3 1/2-1/2

[Event "Washington Open Championship"]
[Site "Lynnwood, WA"]
[Date "2015.05.25"]
[Round "5"]
[White "Schemm Michael  (WA)"]
[Black "Campbell Tim  (WA)"]
[Result "1-0"]
[WhiteElo "1994"]
[BlackElo "1713"]
[Annotator ""]
[Source ""]
[Remark "Premier"]

1.Nc3 c5 2.Nf3 g6 3.d4 cxd4 4.Nxd4 Bg7 5.e3 Nf6 6.Bc4 O-O 7.O-O
Nc6 8.Qf3 Ne5 9.Qe2 Nxc4 10.Qxc4 d5 11.Qb3 e6 12.Rd1 Ne8 13.e4
e5 14.Nf3 d4 15.Bg5 Bf6 16.Bh6 Bg7 17.Bxg7 Kxg7 18.Nd5 Bg4 19.Rd2
Bxf3 20.Qxf3 Nc7 21.c3 Nxd5 22.exd5 dxc3 23.bxc3 Qa5 24.Qe3 f6
25.c4 Rac8 26.Rc1 Rfd8 27.d6 Qc5 28.Qf3 Rc6 29.Rd5 Qb4 30.c5
Rd7 31.h3 b6 32.Rxe5 Rcxd6 33.Re4 Rd4 34.c6 Rxe4 35.cxd7 Re1+
36.Rxe1 Qxe1+ 37.Kh2 Qd2 38.Qc6 Kf7 39.Qc7 1-0

[Event "Washington Open Championship"]
[Site "Lynnwood, WA"]
[Date "2015.05.25"]
[Round "5"]
[White "Snyder Jakey  (WA)"]
[Black "Kypriotakis Kyriakos  (OR)"]
[Result "1-0"]
[WhiteElo "1215"]
[BlackElo "816"]
[Annotator ""]
[Source ""]
[Remark "Booster"]

1.e4 c5 2.Nf3 d6 3.d4 cxd4 4.Nxd4 Nf6 5.Nc3 g6 6.Be3 Ng4 7.Bg5
h6 8.Bh4 Bg7 9.Bb5+ Bd7 10.Qxg4 Bxd4 11.Bxd7+ Qxd7 12.Qxd7+ Nxd7
13.O-O Rc8 14.Rab1 g5 15.Bg3 O-O 16.Nd5 Rfe8 17.c3 Bg7 18.Ne3
Nb6 19.Nf5 Nc4 20.Rfd1 h5 21.b3 Ne5 22.Nxg7 Kxg7 23.Bxe5+ dxe5
24.Rd2 Rb8 25.c4 e6 26.Rbd1 Kf6 27.g3 Re7 28.c5 Rc8 29.b4 Rcc7
30.Rd8 Rc6 31.R1d7 Ra6 32.Rxe7 Kxe7 33.Rb8 b5 34.Rxb5 Rxa2 35.Rb7+
Ke8 36.c6 Rc2 37.b5 Rb2 38.Rb8+ Ke7 39.c7 1-0

[Event "Washington Open Championship"]
[Site "Lynnwood, WA"]
[Date "2015.05.25"]
[Round "5"]
[White "Weller Stephen  (WA)"]
[Black "Ryan Stephen  (WA)"]
[Result "0-1"]
[WhiteElo "1257"]
[BlackElo "1288"]
[Annotator ""]
[Source ""]
[Remark "Booster"]

1.e4 e6 2.d4 d5 3.Nc3 dxe4 4.Nxe4 Nd7 5.Nf3 Ngf6 6.Ng3 Be7 7.Bc4
O-O 8.O-O a6 9.a4 Nb6 10.Bb3 c5 11.c3 Nbd5 12.Bc2 Qc7 13.Bg5
cxd4 14.Nxd4 Rd8 15.Qd3 Nf4 16.Qf3 Ng6 17.Bxg6 hxg6 18.Rfd1 Rd5
19.Bxf6 gxf6 20.Ne4 Kg7 21.Nd2 Bd7 22.N2b3 Rh8 23.g3 Rdh5 24.h4
e5 25.Ne2 Bc6 26.Qg4 Rg5 27.Qc4 b5 28.axb5 axb5 29.Qd3 Rxh4 30.Kf1
Rh1+ 31.Ng1 Rf5 32.Ke2 Rh2 33.Rf1 Bg2 34.Nd2 Bxf1+ 35.Rxf1 Qb6
36.Ngf3 {There appears to be a mate coming soon, but not by the moves remaining on the
scoresheet. It ends Qd1++, but I'm not real sure how it got there.} 0-1

[Event "Washington Open Championship"]
[Site "Lynnwood, WA"]
[Date "2015.05.25"]
[Round "5"]
[White "Shanmukam Rajesh  (WA)"]
[Black "Deng Samuel  (WA)"]
[Result "1-0"]
[WhiteElo "1463"]
[BlackElo "1266"]
[Annotator ""]
[Source ""]
[Remark "Reserve"]

1.d4 Nf6 2.c4 e6 3.Nc3 Bb4 4.Bg5 c5 5.d5 Bxc3+ 6.bxc3 e5 7.f3
d6 8.e4 O-O 9.Bd3 h6 10.Be3 Nh7 11.h4 f5 12.exf5 Bxf5 13.g4 Bxd3
14.Qxd3 Nd7 15.g5 hxg5 16.hxg5 Nxg5 17.Ke2 Qe7 18.Qg6 Nxf3 19.Nxf3
Rxf3 20.Kxf3 e4+ 21.Ke2 Ne5 22.Qh7+ Kf7 23.Qxe4 Rg8 24.Rag1 Ke8
25.Bg5 Qd7 26.Bf6 g6 27.Rxg6 Rxg6 28.Rh8+ Kf7 29.Rh7+ Kxf6 30.Rxd7
Nxd7 31.Qe6+ Kg7 32.Qxd7+ Kh6 33.a4 Rg2+ 34.Kd3 Rg3+ 35.Kc2 Rg2+
36.Kb3 Rg7 37.Qxd6+ Rg6 38.Qxc5 Rb6+ 39.Qxb6+ 1-0

[Event "Washington Open Championship"]
[Site "Lynnwood, WA"]
[Date "2015.05.25"]
[Round "5"]
[White "Richards Jerrold  (WA)"]
[Black "Random Julian  (WA)"]
[Result "1-0"]
[WhiteElo "1446"]
[BlackElo "488"]
[Annotator ""]
[Source ""]
[Remark "Extra Game"]

1.c4 e6 2.g3 g6 3.Bg2 Nf6 4.Nf3 Bg7 5.O-O O-O 6.Nc3 d5 7.cxd5
exd5 8.d4 Nc6 9.Bf4 h6 10.Nb5 Rb8 11.Bxc7 Qd7 12.Bxb8 Nxb8 13.Nxa7
Nc6 14.Nxc8 Qxc8 15.Rc1 Re8 16.Ne5 h5 17.Nxc6 bxc6 18.Qc2 Re6
19.Bh3 Ng4 20.Bxg4 hxg4 21.e3 Qa6 22.b3 Bf8 23.a4 Ba3 24.Rb1
g5 25.Qf5 Rg6 26.Qxg4 c5 27.dxc5 Bxc5 28.Rfc1 Qd6 29.Qc8+ Kg7
30.Qxc5 Qf6 31.Qd4 Qxd4 32.exd4 Kh6 33.a5 f5 34.Rc5 f4 35.g4
Kg7 36.Rxd5 Kf6 37.Rd6+ Kg7 38.Rxg6+ Kxg6 39.Re1 f3 40.d5 1-0

[Event "Washington Open Championship"]
[Site "Lynnwood, WA"]
[Date "2015.05.25"]
[Round "5"]
[White "Burt Gavin  (WA)"]
[Black "Huang Andy  (WA)"]
[Result "0-1"]
[WhiteElo "521"]
[BlackElo "1201"]
[Annotator ""]
[Source ""]
[Remark "Booster"]

1.e4 e5 2.Nf3 Nc6 3.Bb5 Bc5 4.c3 a6 5.Ba4 b5 6.Bb3 Nf6 7.O-O
O-O 8.d4 exd4 9.cxd4 Bb6 10.Re1 d5 11.e5 Ne4 12.Nc3 Nxc3 13.bxc3
h6 14.Qd3 Ne7 15.h4 Bf5 16.Qe2 Be6 17.a4 Ba5 18.Bd2 Nf5 19.h5
c6 20.g4 Ne7 21.g5 Nf5 22.gxh6 Nxh6 23.Bxh6 gxh6 24.Qd3 f5 25.axb5
axb5 26.Kf1 Qe8 27.Nh4 Qxh5 28.Nf3 Kh7 29.Ra2 Bb6 30.Rea1 Rxa2
31.Rxa2 Qh1+ 32.Ke2 Qh5 33.Ra6 Rb8 34.Qb1 Qe8 35.Bc2 Qc8 36.Ra2
Rb7 37.Nh4 Rd7 38.Ra6 Qxa6 39.Nxf5 Bxf5 40.Bxf5+ Kh8 41.Qh1
{This position is relatively even, although White would be winning if 41. Bxd7
had been played instead. Notation was hard to read, so the moves may not have been as they appeared.}
 0-1

[Event "Washington Open Championship"]
[Site "Lynnwood, WA"]
[Date "2015.05.25"]
[Round "5"]
[White "Kirlin Patrick  (WA)"]
[Black "Peng Brandon  (WA)"]
[Result "1-0"]
[WhiteElo "1438"]
[BlackElo "1131"]
[Annotator ""]
[Source ""]
[Remark "Reserve"]

1.Nf3 d5 2.g3 Nf6 3.Bg2 g6 4.O-O Bg7 5.Re1 O-O 6.d4 Nc6 7.Nc3
Bf5 8.Ne5 Nb4 9.Nd3 Nxd3 10.cxd3 Qd7 11.e4 dxe4 12.dxe4 Bh3 13.e5
Nh5 14.Bf3 Rfe8 15.Bxh5 gxh5 16.Qxh5 Bg4 17.Qg5 Bf3 18.Qe3 Bc6
19.f4 b5 20.a3 Bb7 21.Qf2 e6 22.Ne4 Qc6 23.b4 Kh8 24.Bb2 f5 25.exf6
Bf8 26.f7 Bg7 27.fxe8Q+ Rxe8 28.Rac1 Qd5 29.Rc5 Qd7 30.d5 Bxd5
31.Bxg7+ Kxg7 32.Nc3 Ba8 33.Nxb5 Kg8 34.Rg5+ Kf7 35.f5 Qc6 36.fxe6+
Ke7 37.Qf7+ Kd8 38.Rd1+ Kc8 39.Nxa7+ 1-0

[Event "Washington Open Championship"]
[Site "Lynnwood, WA"]
[Date "2015.05.25"]
[Round "5"]
[White "Davis Frederick  (WA)"]
[Black "Kuhner Mary  (WA)"]
[Result "0-1"]
[WhiteElo "1836"]
[BlackElo "1843"]
[Annotator ""]
[Source ""]
[Remark "Premier"]

1.Nf3 f5 2.g3 Nf6 3.Bg2 d5 4.O-O Nbd7 5.d4 e6 6.Nbd2 Bd6 7.b3
O-O 8.Bb2 Qe8 9.Ne5 Ne4 10.e3 Nxe5 11.dxe5 Bb4 12.Nxe4 fxe4 13.Rc1
b6 14.f4 exf3 15.Rxf3 Rxf3 16.Qxf3 Ba6 17.Bf1 Bxf1 18.Rxf1 Qg6
19.Qe2 Be7 20.Qd3 Qg5 21.e4 c6 22.exd5 cxd5 23.c4 Rd8 24.cxd5
Rxd5 25.Qf3 Qg6 26.Rd1 Bc5+ 27.Kf1 Qf5 28.Qxf5 Rxd1+ 29.Ke2 Re1+
30.Kxe1 exf5 31.Ke2 g6 32.Kf3 Kf7 33.h3 Ke6 34.Bc3 b5 35.Bb2
Bb6 36.Bc3 Bc7 37.Kf4 h6 38.h4 a5 39.a3 Bxe5+ 40.Bxe5 g5+ 41.hxg5
hxg5+ 42.Kxg5 Kxe5 43.Kh4 f4 44.g4 Ke4 45.g5 f3 46.Kh3 Ke3 0-1

[Event "Washington Open Championship"]
[Site "Lynnwood, WA"]
[Date "2015.05.25"]
[Round "5"]
[White "Dixon Dakota  (WA)"]
[Black "Raptis Nick  (OR)"]
[Result "1-0"]
[WhiteElo "2137"]
[BlackElo "2384"]
[Annotator ""]
[Source ""]
[Remark "Open"]

1.d4 Nf6 2.c4 g6 3.Nc3 Bg7 4.e4 d6 5.Nf3 O-O 6.Be2 e5 7.O-O Nc6
8.d5 Ne7 9.Ne1 Nd7 10.Nd3 f5 11.Bd2 fxe4 12.Nxe4 Nf6 13.f3 Nf5
14.Ndf2 Qe7 15.Bd3 c6 16.Nxf6+ Bxf6 17.Ne4 Bg7 18.Re1 Bh6 19.Bxh6
Nxh6 20.c5 dxc5 21.Bc4 Kg7 22.d6 Qd8 23.Nxc5 b6 24.d7 bxc5 25.dxc8Q
Rxc8 26.Rxe5 Nf5 27.Qe2 Qd4+ 28.Kh1 Rb8 29.Rb1 h5 30.b3 Rbd8
31.Re1 h4 32.Be6 Rfe8 33.Re4 Rxe6 34.Rxe6 Rd5 35.Rxc6 Kh6 36.Qe8
Nd6 37.Qe2 Nf5 38.Qe4 Qf2 39.Qf4+ Kg7 40.Rc7+ Kf6 41.Rc6+ Kg7
42.Rg1 Qe2 43.Qg4 Rd6 44.Rxc5 Rd4 45.Qg5 Qd2 46.Rc7+ Kf8 47.Qf6+
Ke8 48.Qe6+ Kd8 49.Rc8# 1-0

[Event "Washington Open Championship"]
[Site "Lynnwood, WA"]
[Date "2015.05.25"]
[Round "5"]
[White "Yang Richard  (WA)"]
[Black "Fagundes Frank  (WA)"]
[Result "0-1"]
[WhiteElo "1658"]
[BlackElo "1792"]
[Annotator ""]
[Source ""]
[Remark "Premier"]

{%00þ   } 1.e4 c5 2.Nf3 d6 3.Bb5+ Bd7 4.Bxd7+ Nxd7 5.O-O Ngf6
6.Re1 g6 7.c3 Rc8 8.d4 cxd4 9.cxd4 Qb6 10.Nc3 Bg7 11.Qe2 O-O
12.e5 dxe5 13.dxe5 Ng4 14.e6 Nde5 15.h3 Nxf3+ 16.Qxf3 fxe6 17.Be3
Nxe3 18.Qxe3 Qxb2 19.Qxe6+ Kh8 20.Ne2 Rc2 21.Qxe7 Rxe2 22.Rxe2
Qxa1+ 23.Kh2 Qd4 24.f3 Qf4+ 25.Kh1 Qc1+ 26.Kh2 Qc6 27.Re6 Qd5
28.Re2 b5 29.a3 a5 30.Re5 Qd2 31.Re2 Qf4+ 32.Kh1 b4 33.axb4 axb4
34.Re4 Qc1+ 35.Re1 Qa3 36.Re3 Qa4 37.Re4 Rb8 38.Qd6 Qb5 39.Rh4
Be5 40.Qd1 b3 41.Qb1 b2 42.f4 Bf6 43.Rg4 Qf5 44.Qxf5 gxf5 45.Rg3
b1Q+ 46.Kh2 Bd4 47.Ra3 Rg8 48.Ra1 Qb2 49.Rg1 Bxg1+ 50.Kh1 Qxg2# 0-1

[Event "Washington Open Championship"]
[Site "Lynnwood, WA"]
[Date "2015.05.25"]
[Round "5"]
[White "Mathews Daniel  (WA)"]
[Black "Menkov Artjom  (WA)"]
[Result "1-0"]
[WhiteElo "1691"]
[BlackElo "1504"]
[Annotator ""]
[Source ""]
[Remark "Reserve"]

1.c4 c5 2.Nc3 Nf6 3.e3 g6 4.b3 Bg7 5.Bb2 O-O 6.Nf3 Nc6 7.Be2
d6 8.O-O Bf5 9.d4 cxd4 10.Nxd4 Nxd4 11.exd4 Qb6 12.Bf3 Rac8 13.Re1
Rfe8 14.g4 Be6 15.d5 Bd7 16.Rb1 h6 17.Ne4 Nxe4 18.Bxe4 Bxb2 19.Rxb2
Rxc4 20.Qd2 Rb4 21.Rc2 Kh7 22.h3 Rg8 23.Bg2 e5 24.dxe6 Bxe6 25.Rec1
a5 26.Rc7 Qa6 27.Bd5 Rg7 28.Bxe6 fxe6 29.Rxg7+ Kxg7 30.Qc3+ e5
31.Qc7+ Kf6 32.Qd8+ Ke6 33.Qg8+ Kf6 34.Qd8+ Ke6 35.Rc7 Rf4 36.Qg8+
Kf6 37.Rg7 e4 38.Rxg6+ Ke5 39.Qe6+ Kd4 40.Qxd6+ Qxd6 41.Rxd6+
Kc3 42.Rxh6 Kb2 43.Rb6 Kxa2 44.Rxb7 Ka3 45.Rb5 Rf3 46.Rxa5+ Kxb3
47.Re5 Rxh3 48.Rxe4 Kc3 49.Re3+ 1-0

[Event "Washington Open Championship"]
[Site "Lynnwood, WA"]
[Date "2015.05.25"]
[Round "5"]
[White "Qian Daniel  (WA)"]
[Black "Chandrasekar Siddharth  (WA)"]
[Result "0-1"]
[WhiteElo "1041"]
[BlackElo "1332"]
[Annotator ""]
[Source ""]
[Remark "Booster"]

1.c4 c6 2.Nc3 Nf6 3.g3 d5 4.cxd5 cxd5 5.Bg2 Bf5 6.d4 Nc6 7.Qb3
Nxd4 8.Qa4+ Nc6 9.Qb5 e6 10.Qxb7 Rc8 11.e3 Bd6 12.a3 O-O 13.Qb3
Rb8 14.Qd1 Bg6 15.Nge2 Qd7 16.O-O Ne5 17.Nf4 Bf5 18.Nce2 h6 19.Nd4
Bh7 20.Nde2 Rfc8 21.b4 Nc4 22.Bh3 Be5 23.Ra2 Bb1 24.Rd2 Nxd2
25.Bxd2 Bf5 26.Bxf5 exf5 27.Bc1 Rd8 28.Nd3 Bc7 29.Nc5 Qd6 30.Qc2
Ne4 31.Bb2 Nxc5 32.bxc5 Qe6 33.Qc3 f6 34.Nd4 Qe8 35.f4 Rdc8 36.Nxf5
Qe6 37.Nd4 Qd7 38.c6 Qe8 39.Nf5 Qf7 40.g4 Bd8 41.Rd1 Rb6 42.Nd6
Qe6 43.Nxc8 Qxg4+ 44.Kf2 Qh4+ 45.Kf1 Qh3+ 46.Kg1 Qxc8 47.Rxd5
Qg4+ 48.Kf2 Qh4+ 49.Ke2 Rxb2+ 50.Qxb2 Qxh2+ 51.Kd3 Qxb2 52.Rxd8+
Kh7 53.c7 Qb5+ 54.Ke4 Qb7+ 55.Kf5 Qxc7 56.Rd4 0-1